[Event "U.S. Amateur North U1600"]
[Site "Detroit, MI"]
[Date "1999.05.29"]
[Round "3"]
[White "Moton, Michael"]
[Black "Wiener, Jack"]
[Result "0-1"]
[WhiteElo "950"]
[BlackElo "1454"]
[PlyCount "160"]
[EventDate "1999.05.29"]

1. e4 c5 2. Nf3 Nc6 3. Bc4 e6 4. c3 Be7 5. d4 cxd4 6. Nxd4 Ne5 7. Bd3 Nf6 8.
Nb5 a6 9. Nd4 b5 10. Bf4 Nxd3+ 11. Qxd3 Bb7 12. f3 O-O 13. Nd2 d6 14. Bg5 Nh5
15. Be3 Bg5 16. O-O-O Bxe3 17. Qxe3 e5 18. Nc2 Bc8 19. Nb3 f5 20. exf5 Bxf5 21.
Nb4 Bg6 22. Nd3 a5 23. a3 Qf6 24. Rd2 Bf7 25. Kc2 a4 26. Na1 Rac8 27. Nb4 Nf4
28. g3 Bg6+ 29. Kc1 Nh3 30. Nd5 Qf7 31. Rhd1 Rc5 32. f4 Bh5 33. b4 axb3 34.
Nxb3 Rxd5 35. Rxd5 Bxd1 36. Rxd1 Qxb3 37. fxe5 Qxa3+ 38. Kc2 Rf2+ 39. Kd3 Qb3
40. Rd2 Qc4+ 41. Kc2 Qa2+ 42. Kd3 Qb1+ 43. Kd4 dxe5+ 44. Kxe5 Qf5+ 45. Kd4
Rxd2+ 46. Qxd2 Ng1 47. Qg2 Nf3+ 48. Ke3 Ne5 49. Qd5+ Kf8 50. Qc5+ Kf7 51. Qd5+
Qe6 52. Qxe6+ Kxe6 53. Kd4 Kd6 54. h3 g5 55. g4 h6 56. Ke4 Ke6 57. Kd4 Kd6 58.
Ke4 Ng6 59. Kf5 Nf4 60. h4 Ne2 61. hxg5 hxg5 62. Kxg5 Nxc3 63. Kf6 Ne4+ 64. Kf5
Kd5 65. Kf4 Kd4 66. Kf3 Kd3 67. Kf4 b4 68. g5 Nxg5 69. Kxg5 b3 70. Kf6 b2 71.
Ke6 b1=Q 72. Kd6 Qb5 73. Ke6 Ke4 74. Kd6 Qd5+ 75. Ke7 Ke5 76. Ke8 Qe6+ 77. Kd8
Qf7 78. Kc8 Kd6 79. Kb8 Kc6 80. Ka8 Qb7# 0-1

[Event "U.S. Amateur North U1600"]
[Site "Detroit, MI"]
[Date "1999.05.29"]
[Round "3"]
[White "Moore, Stacey"]
[Black "Rojas, Fernando"]
[Result "0-1"]
[WhiteElo "996"]
[BlackElo "1069"]
[PlyCount "98"]
[EventDate "1999.05.29"]

1. d4 d6 2. Nf3 Nc6 3. e3 Bg4 4. Nbd2 e5 5. Be2 Qe7 6. c3 Nf6 7. h3 Bh5 8. g4
Bg6 9. b3 Ne4 10. Bb2 Qf6 11. d5 Ne7 12. c4 c6 13. Nxe4 Bxe4 14. Bxe5 dxe5 15.
d6 Rd8 16. c5 Nd5 17. Qd2 Bxd6 18. cxd6 Rxd6 19. Rd1 Bxf3 20. Bxf3 Qxf3 21. Rg1
O-O 22. Rg3 Qh1+ 23. Ke2 Qe4 24. Qc1 Nf4+ 25. Kf1 Rxd1+ 26. Qxd1 Qh1+ 27. Rg1
Qxh3+ 28. Ke1 Ng2+ 29. Ke2 Qxg4+ 30. Kd2 Rd8+ 31. Kc2 Rxd1 32. Rxd1 h6 33. Rd8+
Kh7 34. Rf8 Qe2+ 35. Kc3 Qxf2 36. Kc4 Nxe3+ 37. Kc3 Qf4 38. Rd8 g5 39. Rd7 Qe4
40. Rxf7+ Kg6 41. Rxb7 Nd1+ 42. Kd2 Qd4+ 43. Kc2 Ne3+ 44. Kb1 g4 45. a4 g3 46.
Rb8 g2 47. Ka2 Nc2 48. Rg8+ Kh5 49. Rxg2 Qa1# 0-1

[Event "U.S. Amateur North U1600"]
[Site "Detroit, MI"]
[Date "1999.05.29"]
[Round "1"]
[White "Moore, Stacey"]
[Black "Foord, Allan"]
[Result "1/2-1/2"]
[WhiteElo "996"]
[BlackElo "1521"]
[PlyCount "102"]
[EventDate "1999.05.29"]

1. d4 Nf6 2. Nf3 g6 3. e3 Bg7 4. Bd3 O-O 5. b3 c5 6. Bb2 d5 7. c3 cxd4 8. cxd4
Nc6 9. a3 Bg4 10. Nbd2 e5 11. dxe5 Nd7 12. Qc2 Ncxe5 13. Nxe5 Nxe5 14. Bxe5
Bxe5 15. Rc1 Rc8 16. Qb1 Qd6 17. Rxc8 Rxc8 18. a4 Bxh2 19. Nf3 Bxf3 20. gxf3
Be5 21. f4 Bg7 22. f5 Qa3 23. Ke2 Qb2+ 24. Qxb2 Bxb2 25. Rb1 Bf6 26. e4 dxe4
27. Bxe4 b6 28. Rg1 Kg7 29. f4 Rc3 30. fxg6 hxg6 31. f5 Bd4 32. Rg4 Rxb3 33.
fxg6 Rb4 34. Kd3 Bc5 35. gxf7+ Kxf7 36. Bd5+ Kf6 37. Rxb4 Bxb4 38. Kc4 Bc5 39.
Kb5 Ke5 40. Bb7 a5 41. Kc4 Bf2 42. Kb5 Kf4 43. Bc6 Bc5 44. Bd5 Ke3 45. Kc4 Bb4
46. Bc6 Kd2 47. Kb5 Bc5 48. Bd5 Kc3 49. Ba2 Kb2 50. Bc4 Ka3 51. Bd5 Bf2 1/2-1/2

[Event "U.S. Amateur North"]
[Site "Detroit, MI"]
[Date "1999.05.29"]
[Round "1"]
[White "Moore, Robert"]
[Black "Jarosz, Stan"]
[Result "0-1"]
[WhiteElo "1640"]
[BlackElo "2005"]
[PlyCount "53"]
[EventDate "1999.05.29"]

1. e4 c5 2. Nf3 e6 3. d4 cxd4 4. Nxd4 Nf6 5. Nc3 d6 6. Bg5 Be7 7. f4 h6 8. Bh4
Nc6 9. Nxc6 bxc6 10. Qf3 d5 11. O-O-O O-O 12. exd5 cxd5 13. g4 Qa5 14. Kb1 Ba6
15. g5 hxg5 16. Be1 g4 17. Qg3 Rfd8 18. Nb5 Qb6 19. Bf2 Qb7 20. a4 Ne4 21. Qe3
Nxf2 22. Qxf2 Bf6 23. Qe2 Rab8 24. b3 Bxb5 25. Qxb5 Qe7 26. Qa5 Qa3 27. c3 0-1

[Event "Texas State Championship--Amateur"]
[Site "Dallas, Tex."]
[Date "1999.05.29"]
[Round "2"]
[White "Moody, David"]
[Black "Arizpe, Frank"]
[Result "1-0"]
[WhiteElo "1959"]
[BlackElo "1608"]
[PlyCount "41"]
[EventDate "1999.05.29"]

1. e4 c5 2. d4 cxd4 3. c3 Nc6 4. Nf3 g6 5. cxd4 e6 6. Nc3 Bg7 7. Bc4 Nge7 8.
O-O O-O 9. Bg5 b6 10. a3 Bb7 11. d5 Na5 12. Ba2 f6 13. dxe6 dxe6 14. Bxe6+ Kh8
15. Bf4 Nac6 16. Qe2 f5 17. Rfd1 Qe8 18. Bd7 Qf7 19. Ng5 Qf6 20. Rd6 Nd4 21.
Qe3 1-0

[Event "U.S. Amateur North U1600"]
[Site "Detroit, MI"]
[Date "1999.05.29"]
[Round "1"]
[White "Menczer, David"]
[Black "Thumm, Jon"]
[Result "1-0"]
[WhiteElo "1275"]
[BlackElo "1159"]
[PlyCount "120"]
[EventDate "1999.05.29"]

1. e4 e6 2. d4 d5 3. Nc3 Bb4 4. e5 Nc6 5. Nf3 h6 6. Bb5 Bd7 7. O-O Qe7 8. Qd3
a6 9. Bxc6 Bxc6 10. a3 Ba5 11. b4 Bb6 12. Bd2 Qd7 13. a4 Ba7 14. Rab1 Qc8 15.
b5 Bd7 16. Ne2 Ne7 17. c4 c6 18. b6 Bb8 19. c5 O-O 20. Ng3 f6 21. exf6 Rxf6 22.
Nh5 Rf7 23. Ne5 Bxe5 24. dxe5 Qf8 25. f4 Nf5 26. g4 Ne7 27. Kh1 Kh8 28. Rf2 Qg8
29. Rbf1 Raf8 30. h3 Qh7 31. Qxh7+ Kxh7 32. Ng3 g6 33. Kh2 g5 34. Nh5 Ng6 35.
Nf6+ Kg7 36. Be3 Rd8 37. Nh5+ Kg8 38. fxg5 Rxf2+ 39. Rxf2 hxg5 40. Bxg5 Rf8 41.
Rxf8+ Kxf8 42. Bf6 d4 43. Kg3 Ne7 44. Bxe7+ Kxe7 45. Nf6 Be8 46. Nxe8 Kxe8 47.
h4 Kf7 48. h5 Kg7 49. g5 Kg8 50. Kf4 Kg7 51. Ke4 Kg8 52. Kxd4 Kg7 53. Ke4 Kf7
54. Kf4 Kg7 55. h6+ Kg6 56. Kg4 Kf7 57. Kh5 Kg8 58. g6 Kh8 59. Kg5 Kg8 60. Kf6
Kf8 1-0

[Event "U.S. Amateur North"]
[Site "Detroit, MI"]
[Date "1999.05.29"]
[Round "1"]
[White "McIntosh, Shawn"]
[Black "Holden, Anthony"]
[Result "1-0"]
[WhiteElo "1916"]
[BlackElo "1348"]
[PlyCount "67"]
[EventDate "1999.05.29"]

1. e4 c5 2. Nf3 Nc6 3. d4 cxd4 4. Nxd4 e5 5. Nb5 Nf6 6. N1c3 d6 7. Bg5 Be7 8.
Bxf6 gxf6 9. Nd5 Qa5+ 10. c3 Kf8 11. Nbc7 Rb8 12. a3 Bd8 13. b4 Qxc7 14. Nxc7
Bxc7 15. Bc4 Be6 16. Bxe6 fxe6 17. O-O h5 18. f4 Ke7 19. Qd2 Rbg8 20. f5 Rg4
21. Rae1 Rhg8 22. fxe6 h4 23. Re2 Nd8 24. Qh6 Bb6+ 25. Kh1 R4g6 26. Qxh4 Nxe6
27. a4 Nf4 28. Rxf4 exf4 29. Qxf4 a5 30. Qf3 axb4 31. e5 Kf8 32. Qxb7 Bc5 33.
exf6 Rxf6 34. Qe7# 1-0

[Event "U.S. Amateur North"]
[Site "Detroit, MI"]
[Date "1999.05.29"]
[Round "3"]
[White "McIntosh, Shawn"]
[Black "Berry, DeMarcus"]
[Result "1-0"]
[WhiteElo "1916"]
[BlackElo "1427"]
[PlyCount "99"]
[EventDate "1999.05.29"]

1. e4 Nf6 2. e5 Nd5 3. d4 d6 4. f4 Bf5 5. c4 Nb6 6. Be3 e6 7. Nf3 Nc6 8. Be2
Be7 9. O-O O-O 10. Nc3 a5 11. a3 a4 12. d5 Na5 13. Bxb6 Nb3 14. Bf2 Nxa1 15.
Qxa1 Bg6 16. Qd1 Qd7 17. Nh4 Bd8 18. Nxg6 hxg6 19. Bg4 g5 20. dxe6 fxe6 21.
fxg5 Bxg5 22. Ne4 Qe7 23. exd6 cxd6 24. Nxg5 Qxg5 25. Bxe6+ Kh8 26. Bd4 Qh6 27.
Rf7 Rxf7 28. Bxf7 Rf8 29. Qh5 Qxh5 30. Bxh5 Rf4 31. Bc3 Rxc4 32. Bf3 b6 33. Kf2
Rc5 34. Ke3 Rc8 35. Kd4 Kh7 36. Kd5 Kg6 37. Kxd6 Kf5 38. Bxg7 Rg8 39. Bc3 Rg6+
40. Kd5 Rg8 41. Kc6 Rg6+ 42. Kb5 Kf4 43. Kxa4 Ke3 44. h4 Kf4 45. Kb5 Ke3 46. h5
Re6 47. Bc6 Rh6 48. Be8 Ke4 49. Bg6+ Kd5 50. Bg7 1-0

[Event "U.S. Amateur North U1600"]
[Site "Detroit, MI"]
[Date "1999.05.29"]
[Round "2"]
[White "McFolley, Tyrone"]
[Black "Norwood, Wayne"]
[Result "1-0"]
[WhiteElo "702"]
[BlackElo "1046"]
[PlyCount "55"]
[EventDate "1999.05.29"]

1. e4 e5 2. Nf3 Nc6 3. Bc4 Bc5 4. c3 Nf6 5. d4 exd4 6. cxd4 Bb4+ 7. Bd2 Bxd2+
8. Nbxd2 d6 9. O-O Bg4 10. Re1 Nxd4 11. Qa4+ b5 12. Bxb5+ Nxb5 13. Qxb5+ Bd7
14. Qe2 Rb8 15. b3 O-O 16. e5 Re8 17. Qa6 dxe5 18. Rxe5 Rxe5 19. Nxe5 Ra8 20.
Qb7 h6 21. Nxd7 Nxd7 22. Nf3 Nb6 23. h3 Qf6 24. Rc1 Qb2 25. Rxc7 Qxa2 26. Rxf7
Qxb3 27. Rxg7+ Kf8 28. Qe7# 1-0

[Event "U.S. Amateur North U1600"]
[Site "Detroit, MI"]
[Date "1999.05.29"]
[Round "3"]
[White "Mann, Douglas"]
[Black "Johnson, Christopher"]
[Result "0-1"]
[WhiteElo "628"]
[BlackElo "1284"]
[PlyCount "111"]
[EventDate "1999.05.29"]

1. d4 c6 2. c4 d5 3. Nc3 Nf6 4. f3 Bf5 5. Nh3 Bxh3 6. gxh3 Nbd7 7. Bg2 e5 8.
O-O Bb4 9. Qd3 Bxc3 10. bxc3 c5 11. f4 cxd4 12. cxd4 e4 13. Qb3 Nb6 14. Qb5+
Qd7 15. Qc5 Na4 16. Qb4 dxc4 17. Be3 Nb6 18. a4 Nfd5 19. Qa3 c3 20. Bxe4 Nxe3
21. Rf2 f5 22. Qxc3 Nbd5 23. Qxe3 Nxe3 24. Rf3 Qxd4 25. Rb1 Qxe4 26. Rb5 Qd4
27. Re5+ Kd8 28. Rexe3 Qd1+ 29. Kf2 Re8 30. Rd3+ Qxd3 31. Rxd3+ Kc7 32. Kf3
Rad8 33. Rc3+ Kb8 34. h4 a6 35. h5 b5 36. a5 Re7 37. e3 Rb7 38. e4 fxe4+ 39.
Kxe4 b4 40. Rb3 Rc8 41. h6 g6 42. h4 Rc3 43. Rb2 b3 44. Kd4 Rc2 45. Rb1 b2 46.
Re1 Rc1 47. Re8+ Ka7 48. f5 gxf5 49. Kd5 b1=Q 50. Re5 Qb4 51. Rxf5 Rc5+ 52. Ke6
Rb6+ 53. Kf7 Rc7+ 54. Kg8 Rb8+ 55. Rf8 Qc4+ 56. Kh8 0-1

[Event "U.S. Amateur North U1600"]
[Site "Detroit, MI"]
[Date "1999.05.29"]
[Round "3"]
[White "Maldonado, Florentino"]
[Black "McFolley, Tyrone"]
[Result "1-0"]
[WhiteElo "1139"]
[BlackElo "702"]
[PlyCount "86"]
[EventDate "1999.05.29"]

1. e4 e5 2. Nf3 Nc6 3. d4 exd4 4. Nxd4 Nxd4 5. Qxd4 d6 6. Nc3 Nf6 7. Bd3 c5 8.
Qe3 Be7 9. Be2 O-O 10. Qg3 Re8 11. O-O g6 12. Bf3 Be6 13. Rd1 Qb6 14. b3 Rad8
15. h3 Rd7 16. Be2 a6 17. Bf3 Red8 18. h4 h5 19. Rb1 Kh7 20. Na4 Qc7 21. c4 b5
22. cxb5 axb5 23. Nc3 b4 24. Ne2 d5 25. Qxc7 Rxc7 26. exd5 Bxd5 27. Bxd5 Nxd5
28. g3 Ra7 29. Rb2 Bf6 30. Rbd2 Rad7 31. Nf4 Nb6 32. Rxd7 Rxd7 33. Rxd7 Nxd7
34. Nd5 Kg7 35. Be3 Bd4 36. Bxd4+ cxd4 37. Nxb4 Kf6 38. Kf1 Ke5 39. Ke2 Ke4 40.
f3+ Ke5 41. a3 Nc5 42. Nd3+ Nxd3 43. Kxd3 Kd5 1-0

[Event "U.S. Amateur North U1600"]
[Site "Detroit, MI"]
[Date "1999.05.29"]
[Round "3"]
[White "Maldonado, Diana"]
[Black "Thumm, Jon"]
[Result "0-1"]
[WhiteElo "840"]
[BlackElo "1159"]
[PlyCount "78"]
[EventDate "1999.05.29"]

1. e4 e5 2. Nf3 Nc6 3. Nc3 Nf6 4. Bb5 Bb4 5. Bxc6 bxc6 6. d3 O-O 7. Nxe5 Bb7 8.
Bd2 d6 9. Nf3 Re8 10. O-O d5 11. exd5 cxd5 12. Bg5 Be7 13. Re1 h6 14. Bxf6 Bxf6
15. Nb5 Rxe1+ 16. Qxe1 Bxb2 17. Rb1 Bf6 18. Nbd4 Bc8 19. Nc6 Qd7 20. Nce5 Qa4
21. Rb2 Be6 22. Qb4 Qe8 23. Qb7 c5 24. Rb5 c4 25. dxc4 dxc4 26. Rc5 Rd8 27. h3
Be7 28. Rc7 Bd6 29. Rc6 Bd5 30. Qb5 Bxc6 31. Nxc6 Rb8 32. Qxb8 Bxb8 33. Nxb8
Qxb8 34. Kf1 Qb2 35. Ke2 Qxc2+ 36. Ke3 Qxa2 37. Kd4 Qxf2+ 38. Kxc4 Qxg2 39. Ne5
Qxh3 0-1

[Event "U.S. Amateur North U1600"]
[Site "Detroit, MI"]
[Date "1999.05.29"]
[Round "1"]
[White "Maldonado, Diana"]
[Black "Haygood, Norman"]
[Result "0-1"]
[WhiteElo "840"]
[BlackElo "1472"]
[PlyCount "74"]
[EventDate "1999.05.29"]

1. e4 c6 2. Nf3 d5 3. Bd3 dxe4 4. Bxe4 Nf6 5. Bd3 Bg4 6. O-O e6 7. Be2 Bd6 8.
Nd4 Bxe2 9. Qxe2 Bxh2+ 10. Kxh2 Qxd4 11. Qd3 Qxd3 12. cxd3 Nbd7 13. b3 Ne5 14.
d4 Nd3 15. Ba3 O-O-O 16. Nc3 Rxd4 17. Be7 Ne4 18. Nxe4 Rxe4 19. f3 Re2 20. Rfd1
h5 21. Rab1 h4 22. Kh3 Nf2+ 23. Kh2 Nxd1 24. Rxd1 h3 25. Rg1 hxg2+ 26. Kg3 Rxd2
27. Rxg2 Rxg2+ 28. Kxg2 Kd7 29. Bc5 b6 30. Be3 e5 31. a4 c5 32. Kg3 Rh1 33. Bd2
Rb1 34. f4 Rxb3+ 35. Kg4 exf4 36. Kxf4 Ke6 37. a5 b5 0-1

[Event "U.S. Amateur North"]
[Site "Detroit, MI"]
[Date "1999.05.29"]
[Round "3"]
[White "Libby, Dan"]
[Black "Townsend, Paul"]
[Result "1-0"]
[WhiteElo "1722"]
[BlackElo "1925"]
[PlyCount "65"]
[EventDate "1999.05.29"]

1. c4 f5 2. Nc3 Nf6 3. g3 e6 4. Bg2 d5 5. d4 c6 6. b3 Bd6 7. e3 O-O 8. c5 Bc7
9. f4 Nbd7 10. b4 Ne4 11. Bb2 Ndf6 12. Nf3 Ng4 13. Qe2 Ngf2 14. Rf1 Nxc3 15.
Bxc3 Ne4 16. Qb2 a5 17. Ne5 Nxc3 18. Qxc3 axb4 19. Qb3 Bxe5 20. fxe5 Qg5 21. a4
b5 22. Kf2 bxa4 23. Rxa4 Ba6 24. Rfa1 Bc4 25. Qxb4 Rxa4 26. Qxa4 Qh5 27. Re1
Rb8 28. Qxc6 Qxh2 29. Qxe6+ Kh8 30. Rb1 Ra8 31. Ra1 Rb8 32. Qb6 Re8 33. Rh1 1-0

[Event "U.S. Amateur North"]
[Site "Detroit, MI"]
[Date "1999.05.29"]
[Round "2"]
[White "Libby, Dan"]
[Black "Diehl-Simel, Raphael"]
[Result "1-0"]
[WhiteElo "1722"]
[BlackElo "1256"]
[PlyCount "71"]
[EventDate "1999.05.29"]

1. c4 e5 2. g3 Nc6 3. Bg2 Bc5 4. Nc3 Nf6 5. e3 O-O 6. Nge2 Re8 7. O-O d6 8. d4
exd4 9. exd4 Bb4 10. Bg5 Bg4 11. f3 Bf5 12. Nd5 Bg6 13. Nxf6+ gxf6 14. Bh4 Qe7
15. Rf2 a6 16. Nf4 Ba5 17. Nd5 Qe6 18. Nxf6+ Kg7 19. Nxe8+ Qxe8 20. Re2 Qd7 21.
g4 Bb6 22. Bf2 Rf8 23. d5 Bxf2+ 24. Rxf2 Ne5 25. Qd4 b6 26. h3 a5 27. f4 Re8
28. Re1 f6 29. fxe5 dxe5 30. Qc3 Qd6 31. Be4 Rf8 32. Bxg6 hxg6 33. g5 f5 34.
Rxe5 Kh7 35. Re6 Qd7 36. Rf4 1-0

[Event "U.S. Amateur North"]
[Site "Detroit, MI"]
[Date "1999.05.29"]
[Round "1"]
[White "Levadi, David"]
[Black "Turner, Darrell"]
[Result "1-0"]
[WhiteElo "1871"]
[BlackElo "1841"]
[PlyCount "83"]
[EventDate "1999.05.29"]

1. e4 c6 2. Nc3 d5 3. Nf3 dxe4 4. Nxe4 Bf5 5. Ng3 Bg6 6. h4 h6 7. Bc4 Nd7 8. h5
Bh7 9. d4 e6 10. Bf4 Ngf6 11. Bd3 Bxd3 12. Qxd3 Nd5 13. Bd2 Qc7 14. O-O-O N7f6
15. Ne5 Bd6 16. c4 Ne7 17. Rhe1 Rd8 18. Qf3 c5 19. Kb1 cxd4 20. Bf4 Nc6 21.
Nxc6 bxc6 22. Rxd4 Bxf4 23. Qxf4 Qxf4 24. Rxf4 Rd7 25. Kc2 O-O 26. Rd1 Rfd8 27.
Rxd7 Rxd7 28. b4 Kf8 29. Rf3 Ke7 30. Rd3 Rxd3 31. Kxd3 Kd6 32. Ne4+ Nxe4 33.
Kxe4 g6 34. hxg6 fxg6 35. c5+ Kd7 36. Ke5 Ke7 37. a4 a6 38. f4 g5 39. fxg5 hxg5
40. g4 Kf7 41. Kd6 Kf6 42. Kxc6 1-0

[Event "U.S. Amateur North"]
[Site "Detroit, MI"]
[Date "1999.05.29"]
[Round "3"]
[White "Levadi, David"]
[Black "Rogers, Bradley"]
[Result "0-1"]
[WhiteElo "1871"]
[BlackElo "2073"]
[PlyCount "48"]
[EventDate "1999.05.29"]

1. e4 e6 2. Nf3 d5 3. Nc3 Nf6 4. d3 Bb4 5. e5 Nfd7 6. g3 c5 7. Bd2 a6 8. Bg2
Nc6 9. O-O Qc7 10. a3 Ba5 11. Bf4 Nf8 12. Nxd5 exd5 13. e6 Qe7 14. exf7+ Qxf7
15. Ng5 Qg8 16. b4 cxb4 17. Re1+ Kd8 18. Qh5 Ng6 19. Nxh7 Qxh7 20. Qxd5+ Bd7
21. Bg5+ Kc7 22. Reb1 Raf8 23. Rxb4 Bxb4 24. axb4 Rf5 0-1

[Event "U.S. Amateur North"]
[Site "Detroit, MI"]
[Date "1999.05.29"]
[Round "3"]
[White "Lehotzky, Attila"]
[Black "Williams, Ron"]
[Result "0-1"]
[WhiteElo "2008"]
[BlackElo "1899"]
[PlyCount "126"]
[EventDate "1999.05.29"]

1. Nf3 Nf6 2. d4 d5 3. e3 Bg4 4. c4 e6 5. Qb3 Bxf3 6. gxf3 Qc8 7. Nc3 c6 8. Bd2
Be7 9. Rc1 O-O 10. cxd5 exd5 11. Qc2 Qd7 12. h4 Re8 13. Bh3 Qd6 14. Ne2 Bf8 15.
Kf1 Nbd7 16. Ng3 g6 17. h5 Rad8 18. hxg6 fxg6 19. b4 Nb6 20. f4 Nc4 21. Qd1 Ne4
22. Nxe4 Rxe4 23. Rb1 b5 24. Bc1 Qf6 25. Qg4 Rde8 26. Rb3 R4e7 27. Rg1 Bg7 28.
Qg5 Qxg5 29. Rxg5 Bf6 30. Rg1 Kf7 31. Kg2 Ra8 32. Bg4 a5 33. a3 axb4 34. axb4
Ra2 35. Rb1 Kg7 36. Kg3 Rea7 37. Kg2 Nd6 38. Bb2 Nc4 39. Bc3 Kf7 40. Ra1 Rxa1
41. Rxa1 Rxa1 42. Bxa1 Ke7 43. Bc3 Kd8 44. Be2 Nd6 45. Be1 h6 46. Bc3 g5 47.
fxg5 hxg5 48. Kg3 Nc4 49. Kg4 Nd6 50. Kf3 Ke7 51. Bd3 Ke6 52. Kg4 Be7 53. f3
Kf7 54. e4 Nc4 55. e5 Ne3+ 56. Kh5 Kg7 57. Bd2 Ng2 58. Kg4 Nf4 59. Bf5 Ne2 60.
Bd7 Nxd4 61. Bxg5 Bxg5 62. Kxg5 Nxf3+ 63. Kf4 Nd4 0-1

[Event "U.S. Amateur North"]
[Site "Detroit, MI"]
[Date "1999.05.29"]
[Round "1"]
[White "Lehotzky, Attila"]
[Black "West, Tony"]
[Result "1-0"]
[WhiteElo "2008"]
[BlackElo "1741"]
[PlyCount "120"]
[EventDate "1999.05.29"]

1. d4 Nf6 2. Nf3 c5 3. c3 d5 4. Bg5 e6 5. e3 Be7 6. dxc5 O-O 7. b4 a5 8. Bd3
axb4 9. cxb4 Nc6 10. Qb3 e5 11. Bb5 Qc7 12. O-O Be6 13. Nbd2 Rfd8 14. Qb2 d4
15. Bxf6 Bxf6 16. e4 b6 17. Rfc1 Na7 18. Bc4 Bg4 19. Bd5 Rab8 20. c6 Nb5 21.
Bc4 Nc3 22. b5 Ra8 23. h3 Bh5 24. Re1 Be7 25. g4 Bg6 26. Nf1 Bxe4 27. N3d2 Bd5
28. Bxd5 Rxd5 29. a4 Rxa4 30. Rxa4 Nxa4 31. Qa2 Nc3 32. Qa8+ Rd8 33. Qa6 f6 34.
Ra1 Kf7 35. Nc4 Bc5 36. Nfd2 Ke6 37. Nb3 Kd5 38. Ncd2 Ne2+ 39. Kf1 d3 40. Nf3
e4 41. Nxc5 Kxc5 42. Ng1 Nxg1 43. Rc1+ Kd5 44. Qa2+ Ke5 45. Kxg1 Rd5 46. Qa6 g6
47. Qb7 Kd6 48. Qa6 f5 49. Qa3+ Ke6 50. Qb4 e3 51. Qe1 e2 52. Qd2 f4 53. f3 g5
54. Kf2 Ke7 55. Rc3 Qc8 56. Rxd3 Rxb5 57. Qxe2+ Qe6 58. Rd7+ Kf6 59. Qxb5 Qe3+
60. Kg2 Qe1 1-0

[Event "U.S. Amateur North"]
[Site "Detroit, MI"]
[Date "1999.05.29"]
[Round "3"]
[White "LaForge, Tom"]
[Black "Chehayeb, Sal"]
[Result "1-0"]
[WhiteElo "1981"]
[BlackElo "2011"]
[PlyCount "86"]
[EventDate "1999.05.29"]

1. e4 c5 2. Nc3 Nc6 3. Nge2 g6 4. d4 cxd4 5. Nxd4 Bg7 6. Nde2 d6 7. h3 Nf6 8.
g3 O-O 9. Bg2 Bd7 10. O-O Rc8 11. Be3 Qa5 12. Nd5 Nxd5 13. exd5 Ne5 14. Bd4 b5
15. b3 Bf5 16. c3 h5 17. Qd2 Bxh3 18. Bxe5 Bxg2 19. Bxg7 Kxg7 20. Kxg2 Qb6 21.
Qd4+ Kg8 22. Nf4 Qb7 23. Kg1 Rc5 24. Rfd1 Rfc8 25. Rac1 a5 26. Ng2 Qc7 27. Rd3
a4 28. Ne3 axb3 29. axb3 Qd7 30. c4 b4 31. Ra1 Qc7 32. Rd2 Ra5 33. Rda2 Rca8
34. Rxa5 Rxa5 35. Rxa5 Qxa5 36. Nc2 Qa2 37. Qd3 Qb1+ 38. Kg2 Kg7 39. Nxb4 Qb2
40. Nc6 f6 41. Nxe7 f5 42. Nc6 Kf7 43. Qe3 Kf6 1-0

[Event "U.S. Amateur North U1600"]
[Site "Detroit, MI"]
[Date "1999.05.29"]
[Round "3"]
[White "Keith, Nathan"]
[Black "Sims, Chris"]
[Result "0-1"]
[WhiteElo "1469"]
[BlackElo "1240"]
[PlyCount "138"]
[EventDate "1999.05.29"]

1. e4 e5 2. Nf3 Nc6 3. d4 exd4 4. Nxd4 Nxd4 5. Qxd4 Be7 6. Qxg7 Bf6 7. Qg3 Qe7
8. Qe3 d6 9. c3 Bd7 10. Bd2 Qe6 11. Na3 Ne7 12. Nb5 Bxb5 13. Bxb5+ c6 14. Bf1
Ng6 15. f3 Rg8 16. Qd3 Ne5 17. Qc2 d5 18. Kd1 O-O-O 19. Kc1 dxe4 20. Qxe4 Qd6
21. Qc2 Ng6 22. g3 Ne5 23. Be2 Rd7 24. Bf4 Qe6 25. Bxe5 Qxe5 26. Rd1 Rgd8 27.
Qe4 Bg5+ 28. Kc2 Rd2+ 29. Rxd2 Rxd2+ 30. Kb3 Rxe2 31. Qg4+ Qe6+ 32. Qxe6+ Rxe6
33. h4 Be3 34. f4 Bf2 35. Rf1 Bxg3 36. Rg1 Rg6 37. f5 Rg7 38. Kc4 b5+ 39. Kd3
h5 40. Ke4 Rg4+ 41. Kf3 Bxh4 42. Rh1 f6 43. b3 Kc7 44. a3 a5 45. Rh2 Bg5 46.
Rxh5 Rf4+ 47. Kg3 Rxf5 48. Kg4 Rc5 49. Rh3 Bd2 50. Rh7+ Kd6 51. c4 bxc4 52.
bxc4 Rxc4+ 53. Kf5 Rf4+ 54. Kg6 Bc3 55. Rh3 Be5 56. Rh8 Rf3 57. Kf7 Rxa3 58.
Rd8+ Kc5 59. Ke6 Kb5 60. Rb8+ Bxb8 61. Kxf6 Re3 62. Kf5 a4 63. Kg4 a3 64. Kf5
a2 65. Kg5 Rf3 66. Kg4 Rf4+ 67. Kg3 a1=Q 68. Kg2 Qf1+ 69. Kg3 Rc4# 0-1

[Event "U.S. Amateur North U1600"]
[Site "Detroit, MI"]
[Date "1999.05.29"]
[Round "1"]
[White "Keith, Nathan"]
[Black "Roberes, Thomas"]
[Result "1-0"]
[WhiteElo "1469"]
[BlackElo "838"]
[PlyCount "65"]
[EventDate "1999.05.29"]

1. e4 e6 2. d4 d5 3. exd5 exd5 4. Bd3 Nf6 5. Bg5 Be7 6. Nf3 O-O 7. O-O c5 8.
dxc5 Bxc5 9. c3 Re8 10. Qc2 g6 11. Nbd2 Be7 12. Rfe1 Bg4 13. Qb3 Qc7 14. Bxf6
Nc6 15. Bxe7 Nxe7 16. Bb5 Red8 17. Qb4 Kf8 18. Qxg4 Qb6 19. Qb4 a6 20. Qxe7+
Kg7 21. Ng5 Rf8 22. Ne6+ Qxe6 23. Rxe6 axb5 24. Nf3 Rae8 25. Qxe8 Rxe8 26. Rxe8
f5 27. Rae1 Kh6 28. R8e7 g5 29. R1e6+ Kh5 30. Rxh7+ Kg4 31. h3+ Kf4 32. g3+
Kxf3 33. Re3# 1-0

[Event "U.S. Amateur North U1600"]
[Site "Detroit, MI"]
[Date "1999.05.29"]
[Round "1"]
[White "Johnson, Christopher"]
[Black "Wiener, Jack"]
[Result "0-1"]
[WhiteElo "1284"]
[BlackElo "1454"]
[PlyCount "84"]
[EventDate "1999.05.29"]

1. e4 c5 2. f4 Nc6 3. Nf3 e6 4. Nc3 a6 5. d4 cxd4 6. Nxd4 Bc5 7. Nxc6 bxc6 8.
f5 Nf6 9. e5 Nd5 10. Nxd5 cxd5 11. Bd3 exf5 12. Bxf5 Bb7 13. Qe2 Qh4+ 14. g3
Qb4+ 15. c3 Qb6 16. b4 Be7 17. Be3 Qc7 18. Bd4 Rc8 19. O-O O-O 20. Qg2 Bg5 21.
Qh3 g6 22. Bxd7 Qc4 23. Bxc8 Bxc8 24. Qg2 Bf5 25. h4 Bh6 26. g4 Be4 27. Qf2 Qc8
28. g5 Qg4+ 29. Kh2 Bxg5 30. hxg5 Qh5+ 31. Kg3 Qxg5+ 32. Kh2 Bf5 33. Qf4 Qh5+
34. Kg3 Qh3+ 35. Kf2 Qd3 36. Rad1 Qc4 37. Rd2 h5 38. Qh6 Qc7 39. e6 f6 40. Re1
Qh2+ 41. Kf3 Bg4+ 42. Ke3 Qg3# 0-1

[Event "U.S. Amateur North U1600"]
[Site "Detroit, MI"]
[Date "1999.05.29"]
[Round "1"]
[White "Jarrett, Thomas"]
[Black "Pascoe, Bramwell"]
[Result "0-1"]
[WhiteElo "717"]
[BlackElo "1300"]
[PlyCount "122"]
[EventDate "1999.05.29"]

1. d4 d5 2. c4 e6 3. Nc3 Nf6 4. Nf3 c5 5. Bf4 Nc6 6. e3 Be7 7. Nb5 O-O 8. Nc7
Rb8 9. Bg3 Bd6 10. Bxd6 Qxd6 11. Nb5 Qe7 12. Bd3 Ne4 13. O-O e5 14. cxd5 Nf6
15. dxc6 e4 16. Bc4 exf3 17. Qxf3 bxc6 18. Qxc6 Bd7 19. Qa6 Ne4 20. Rad1 Qe6
21. Bxe6 Bxb5 22. Qxa7 Bxf1 23. Kxf1 fxe6 24. Qa3 Rxf2+ 25. Ke1 Rbxb2 26. Qd3
cxd4 27. exd4 Nc3 28. Rd2 Rbxd2 29. Qxd2 Rxd2 30. Kxd2 Nxa2 31. Ke3 Kf7 32. Ke4
Nc3+ 33. Ke5 Ne2 34. g4 g5 35. d5 exd5 36. Kxd5 Kf6 37. Ke4 Nf4 38. Kf3 Ke5 39.
Kg3 Ke4 40. h4 h6 41. hxg5 hxg5 42. Kf2 Ng6 43. Kg3 Nh4 44. Kh3 Kf4 45. Kh2
Kxg4 46. Kh1 Kg3 47. Kg1 Ng6 48. Kh1 Kf2 49. Kh2 g4 50. Kh1 Ne5 51. Kh2 g3+ 52.
Kh3 g2 53. Kh4 g1=Q 54. Kh5 Qg3 55. Kh6 Qg4 56. Kh7 Qg5 57. Kh8 Kf3 58. Kh7 Kf4
59. Kh8 Kf5 60. Kh7 Kf6 61. Kh8 Qg7# 0-1

[Event "U.S. Amateur North"]
[Site "Detroit, MI"]
[Date "1999.05.29"]
[Round "2"]
[White "Jarosz, Stan"]
[Black "Everett, Morgan"]
[Result "1-0"]
[WhiteElo "2005"]
[BlackElo "2134"]
[PlyCount "111"]
[EventDate "1999.05.29"]

1. d4 Nf6 2. Nf3 e6 3. Bf4 b6 4. e3 Bb7 5. Nbd2 Be7 6. h3 O-O 7. Be2 d6 8. O-O
Nbd7 9. c3 Qe8 10. Qc2 Nh5 11. Bh2 f5 12. a4 a6 13. a5 Kh8 14. axb6 cxb6 15.
Nc4 f4 16. exf4 Nxf4 17. Bxf4 Rxf4 18. Nfd2 Rf8 19. Bf3 Bxf3 20. Nxf3 Qh5 21.
Qe4 Qf7 22. Rae1 e5 23. dxe5 d5 24. e6 Qh5 25. Qg4 Qxg4 26. hxg4 Nf6 27. Nce5
Kg8 28. Rd1 Rfe8 29. g5 Ne4 30. Rxd5 Nxg5 31. Nxg5 Bxg5 32. Nc4 Bf6 33. Re1 b5
34. Nb6 Ra7 35. Nd7 Be7 36. Ne5 Rc7 37. Rd7 Rec8 38. Red1 Kf8 39. Rxc7 Rxc7 40.
Rd7 Rc8 41. Ra7 Bd6 42. Nd7+ Ke8 43. Nb6 Rc7 44. Rxc7 Bxc7 45. Nd5 Be5 46. f4
Bb8 47. Kf2 a5 48. Ke3 Ba7+ 49. Kd3 Kd8 50. f5 Bf2 51. Ke4 Be1 52. f6 gxf6 53.
Kf5 b4 54. cxb4 axb4 55. Kxf6 Bh4+ 56. Kf7 1-0